Komplexná štúdia výsledkov analýzy v oblasti ochrany pred diskrimináciou v Slovenskej republike [výsledok analytických aktivít projektu "Poradenské služby za účelom vybudovania regionálnych administratívnych kapacít Slovenského národného strediska pre ľudské práva"]

Bibliographic Details
Main Author: Rostášová, Mária, 1949- (Author)
Format: Book
Language:Slovak
PhysicalDescription:108 s. grafy, mp., tab. 29 cm
Published: Žilina Euroformes 2007
ISBN:9788089266197 (brož.)
Edition:1. vyd.
Subjects:

MARC

LEADER 00000cam a2200000 a 4500
001 vtls009154274
003 SK-MaSNL
005 20260425230951.0
008 160830s2007 xo dbl f 000 0 slo
015 |a SNBA2008/03-01442 
020 |a 9788089266197 (brož.) 
035 |a 0BFC5A61-30DE-4017-B2F1-D6345682F523 
035 |a urn:nbn:sk:snk-amkwb1 
035 |a urn:nbn:sk:snk-am0083b8 
040 |a SNK  |b slo  |c SNK  |e AACR2 
041 0 |a slo 
043 |a e-xo--- 
044 |a xo  |c SK 
072 7 |a 316.4  |x Sociálne procesy  |2 konspekt 
080 |a 342.7  |2 2001 
080 |a 316.647.82  |2 2001 
080 |a 659.2  |2 2001 
080 |a (048.8)  |2 2001 
080 |a (437.6)  |2 2001 
245 0 0 |a Komplexná štúdia výsledkov analýzy v oblasti ochrany pred diskrimináciou v Slovenskej republike  |b [výsledok analytických aktivít projektu "Poradenské služby za účelom vybudovania regionálnych administratívnych kapacít Slovenského národného strediska pre ľudské práva"]  |c [Mária Rostášová ... [et. al.] ] 
250 |a 1. vyd. 
260 |a Žilina  |b Euroformes  |c 2007 
300 |a 108 s.  |b grafy, mp., tab.  |c 29 cm 
366 |e 100 výt. 
650 0 7 |a ľudské práva  |2 SNKPH  |9 798 
650 0 7 |a diskriminácia  |2 SNKPH  |9 4923 
650 0 7 |a poradenstvo  |2 SNKPH  |9 3604 
650 0 7 |a ochrana ľudských práv  |2 SNKPH  |9 4034 
650 0 7 |a inštitúcie a organizácie  |2 SNKPH  |9 66282 
651 7 |a Slovensko  |2 SNKPH  |9 14231 
655 7 |a štúdie  |2 SNKPH  |9 57033 
700 1 |a Rostášová, Mária,  |d 1949-  |4 aut  |9 26658 
919 |a 978-80-89266-19-7 
958 |a OND 
958 |a NB 
968 |d 30/31 
999 |c 690771  |d 692701 
952 |a SNK  |b SNK  |y PREZ  |7 0  |p 17A0566226  |o snkSB 75159  |i snk2007/23332  |8 0  |0 0  |1 0  |4 0  |d 2007-10-29  |f 1  |l 0  |r 2025-04-25 00:00:00  |w 2026-02-23 
952 |a SNK  |b SNK  |y VYP  |7 0  |p 17A0566227  |o snkSB 75159 D1  |i snk2007/23333  |8 0  |0 0  |1 0  |4 0  |d 2007-10-29  |l 0  |r 2016-06-30 00:00:00  |w 2026-02-23